| 000 | 00582nam a2200193Ia 4500 | ||
|---|---|---|---|
| 005 | 20250508163240.0 | ||
| 008 | 008 250505s9999 xx 000 0 hin d | ||
| 037 | _aDissertations | ||
| 040 |
_aFEDL _beng _cFEDL |
||
| 041 |
_ahin _2eng |
||
| 084 |
_a370.9, RAW/DI _qFEDL |
||
| 100 |
_aRawat Kedar Singh _9774995 |
||
| 245 | 0 | _aAlmora janpad me britishkaleen shiksha vyavastha tatha vartman sheshik pragati | |
| 260 | _c1985 | ||
| 300 | _a65p. | ||
| 546 | _aM. Ed. Dissertation (Almora University) | ||
| 942 |
_cDIS _h370.9, RAW/DI |
||
| 999 |
_c1381771 _d1381771 |
||